Fire sprinkler plan review workbook

Đã lưu trong:
Chi tiết về thư mục
Tác giả của công ty: National Fire Sprinkler Association
Định dạng: Sách
Được phát hành: Patterson New York : National Fire Sprinkler Association. 1994
Các nhãn: Thêm thẻ
Không có thẻ, Là người đầu tiên thẻ bản ghi này!

MARC

LEADER 00000nam a2200000Ia 4500
003 000020
005 20221231144017.0
008 140114s1994 n a 000 ||e d
040 |c cru CEDI 
082 |a 628.92 N277f 
110 |9 18758  |a National Fire Sprinkler Association. 
245 |a Fire sprinkler plan review workbook  
260 |a Patterson New York : National Fire Sprinkler Association.  |c 1994 
300 |a 135 páginas ; ilustraciones  |b Fotocopia 
942 |2 ddc  |c BK 
999 |c 15577  |d 15577